[Event "Thessaloniki-Chalkidiki-chT B local"]
[Site "Thessaloniki"]
[Date "2019.02.10"]
[Round "4.3"]
[White "Gerontopoulos, Prodromos"]
[Black "Kivelos, Sotirios"]
[Result "1-0"]
[WhiteElo "1629"]
[BlackElo "1929"]
[PlyCount "109"]
[EventDate "2019.01.13"]
[EventType "team-swiss"]
[EventRounds "9"]
[EventCountry "GRE"]
[SourceTitle "EXT 2020"]
[Source "ChessBase"]
[SourceDate "2019.10.17"]
[SourceVersion "1"]
[SourceVersionDate "2019.10.17"]
[SourceQuality "1"]

1. c4 g6 2. g3 Bg7 3. Bg2 c6 4. e3 d5 5. cxd5 cxd5 6. Ne2 Nf6 7. 0-0 0-0 8. Nbc3 Nc6 9. d3 a6 10. Rb1 Bg4 11. h3 Bc8 12. f4 e6 13. Kh2 Qe7 14. a3 Rd8 15. Qc2 Bd7 16. Na4 b5 17. Nb6 Rab8 18. Nxd7 Qxd7 19. b4 Rbc8 20. Qa2 a5 21. bxa5 Nxa5 22. Bd2 Nb7 23. Nc1 Ne8 24. Nb3 Ned6 25. Rfc1 Ra8 26. Bb4 Nf5 27. Qf2 Bf8 28. g4 Bxb4 29. axb4 Ne7 30. Nc5 Nxc5 31. bxc5 Rab8 32. d4 Nc6 33. Bf1 b4 34. Bd3 Qc7 35. Kg2 Ra8 36. Rb2 Rdb8 37. h4 Ra3 38. Bb1 Na5 39. h5 Nc4 40. Re2 Rba8 41. hxg6 fxg6 42. Rh1 Rf8 43. Qh4 Qf7 44. Qg3 Rc3 45. Rh4 Ra8 46. f5 exf5 47. gxf5 Qg7 48. fxg6 h6 49. Qf3 Rd8 50. Rh5 Qe7 51. Rh3 b3 52. Rg3 b2 53. g7 Na3 54. Rf2 Nxb1 55. Qf8+ 1-0

[Event "Thessaloniki Triandria op 5th"]
[Site "Thessaloniki"]
[Date "2012.04.19"]
[Round "3"]
[White "Kivelos, Sotirios"]
[Black "Kiratzopoulos, Efthimios"]
[Result "0-1"]
[WhiteElo "1952"]
[BlackElo "2170"]
[PlyCount "50"]
[EventDate "2012.04.17"]
[EventType "swiss"]
[EventRounds "7"]
[EventCountry "GRE"]
[SourceTitle "EXT 2014"]
[Source "ChessBase"]
[SourceDate "2013.11.20"]
[SourceVersion "1"]
[SourceVersionDate "2013.11.20"]
[SourceQuality "1"]

1. d4 Nf6 2. c4 Nc6 3. Nf3 e6 4. a3 d6 5. Bg5 h6 6. Bh4 g5 7. Bg3 g4 8. Ng1 h5 9. Bh4 Be7 10. Nc3 e5 11. e3 exd4 12. exd4 Bf5 13. Bg5 Ne4 14. Be3 Bg5 15. Nxe4 Bxe3 16. Nxd6+ Qxd6 17. fxe3 0-0-0 18. Bd3 Qg6 19. Bxf5+ Qxf5 20. Qd2 Na5 21. Qc3 Rhe8 22. 0-0-0 Qg5 23. Rd3 Rxe3 24. Kb1 Qf5 25. Kc2 Nc6 0-1

[Event "Thessaloniki Triandrias 4th"]
[Site "Thessaloniki"]
[Date "2011.04.30"]
[Round "5"]
[White "Kivelos, Sotirios"]
[Black "Argiroudis, Stamatis"]
[Result "0-1"]
[WhiteElo "1991"]
[BlackElo "2326"]
[PlyCount "126"]
[EventDate "2011.04.26"]
[EventType "swiss"]
[EventRounds "7"]
[EventCountry "GRE"]
[SourceTitle "EXT 2024"]
[Source "ChessBase"]
[SourceDate "2023.10.10"]
[SourceVersion "1"]
[SourceVersionDate "2023.10.10"]
[SourceQuality "1"]

1. Nf3 Nf6 2. c4 g6 3. b3 Bg7 4. Bb2 0-0 5. e3 c5 6. g3 b6 7. Bg2 Bb7 8. 0-0 d5 9. d4 dxc4 10. bxc4 cxd4 11. exd4 Qc7 12. Qc2 Nc6 13. Na3 Na5 14. Nd2 Bxg2 15. Kxg2 Rac8 16. Rac1 Qc6+ 17. Kg1 e6 18. Nb5 Qd7 19. Ba3 Rfd8 20. Nd6 Rc6 21. c5 Nb7 22. N2c4 Ne8 23. Nxb7 Qxb7 24. Ne5 Rcc8 25. Rfd1 Qa6 26. Qb3 bxc5 27. Bxc5 Nd6 28. Qf3 Nf5 29. g4 Bxe5 30. dxe5 Rxd1+ 31. Qxd1 Nh4 32. Be7 Nf3+ 33. Kg2 Nxe5 34. Bf6 Qb7+ 35. Kg3 Nd7 36. Ba1 Rxc1 37. Qxc1 Qb8+ 38. Kg2 Qb7+ 39. Kg3 e5 40. h4 Qd5 41. h5 Nc5 42. f3 f6 43. h6 Kf7 44. Qa3 a6 45. Qc3 Ne6 46. Qc8 g5 47. Qc2 Nf8 48. Qc7+ Qd7 49. Qc4+ Ne6 50. Qe4 Qd1 51. Qxh7+ Kf8 52. Qh8+ Ke7 53. Qh7+ Kd6 54. Qa7 Qe1+ 55. Kh2 Qh4+ 56. Kg1 Qg3+ 57. Kf1 Qxf3+ 58. Ke1 Qh1+ 59. Kd2 Qh2+ 60. Kc1 Qf4+ 61. Kc2 Qc4+ 62. Bc3 Nd4+ 63. Kb2 Qe2+ 0-1

[Event "Thessaloniki Triandria op 3rd"]
[Site "Thessaloniki"]
[Date "2010.04.10"]
[Round "?"]
[White "Topalidis, Konstantinos"]
[Black "Kivelos, Sotirios"]
[Result "1/2-1/2"]
[WhiteElo "2096"]
[BlackElo "1958"]
[PlyCount "68"]
[EventDate "2010.04.10"]
[EventType "swiss"]
[EventRounds "9"]
[EventCountry "GRE"]
[SourceTitle "EXT 2011"]
[Source "ChessBase"]
[SourceDate "2010.11.26"]
[SourceVersion "1"]
[SourceVersionDate "2010.11.26"]
[SourceQuality "1"]

1. c4 g6 2. Nc3 Bg7 3. g3 c6 4. Bg2 Nf6 5. e4 d6 6. d4 0-0 7. Nge2 e5 8. 0-0 Na6 9. h3 Re8 10. Be3 exd4 11. Bxd4 Be6 12. b3 Nc7 13. Rc1 Qd7 14. Kh2 Re7 15. f4 Nfe8 16. Bxg7 Nxg7 17. Nd4 f5 18. Nxe6 Rxe6 19. Re1 Qe7 20. Qd2 Re8 21. Rcd1 Qf8 22. Qf2 Qf6 23. Rc1 Ra8 24. exf5 gxf5 25. Rxe6 Ngxe6 26. Qd2 Rd8 27. Rd1 Kg7 28. b4 c5 29. Bxb7 cxb4 30. Nd5 Nxd5 31. Bxd5 a5 32. Qe3 Nc5 33. g4 fxg4 34. Rg1 h5 1/2-1/2

[Event "Thessaloniki Triandria op 2nd"]
[Site "Thessaloniki"]
[Date "2009.04.24"]
[Round "4"]
[White "Lagopatis, Nikolaos"]
[Black "Kivelos, Sotirios"]
[Result "1-0"]
[WhiteElo "2223"]
[BlackElo "1992"]
[PlyCount "57"]
[EventDate "2009.04.21"]
[EventType "swiss"]
[EventRounds "7"]
[EventCountry "GRE"]
[SourceTitle "EXT 2024"]
[Source "ChessBase"]
[SourceDate "2023.10.10"]
[SourceVersion "1"]
[SourceVersionDate "2023.10.10"]
[SourceQuality "1"]

1. e4 g6 2. d4 Bg7 3. Nc3 c6 4. f4 d5 5. e5 h5 6. Nf3 Bg4 7. Be3 e6 8. h3 Bxf3 9. Qxf3 Ne7 10. Bd3 h4 11. 0-0 Nf5 12. Bf2 Nd7 13. Ne2 b5 14. b3 b4 15. Rfc1 Bf8 16. c4 bxc3 17. Nxc3 Rc8 18. Ba6 Rc7 19. Na4 Nb8 20. Bd3 Ba3 21. Rc2 Nd7 22. Qe2 Qc8 23. Rb1 c5 24. Ba6 Qb8 25. dxc5 Qb4 26. c6 Nb8 27. Bc5 Qa5 28. Bxa3 Nd4 29. Qd2 1-0